Причины и последствия взрывов кислородных баллонов; Прогрессивные технологии и экономика в машиностроении

Dades bibliogràfiques
Parent link:Прогрессивные технологии и экономика в машиностроении.— 2024.— С. 126-129
Autor principal: Баратаева Д. А.
Autor corporatiu: Национальный исследовательский Томский политехнический университет
Altres autors: Деменкова Л. Г. Лариса Геннадьевна (научный руководитель)
Sumari:В статье рассмотрены причины и последствия взрывов кислородных баллонов. Основные причины – недостаточное обучение персонала, нарушение правил безопасности и несоответствие стандартам баллонов. Представлены результаты исследований, подчеркнуты вредные последствия взрывов. Даны рекомендации по безопасному обращению с баллонами. Важно соблюдать меры безопасности, чтобы избежать взрывов
The article discusses the causes and consequences of explosions of oxygen cylinders. The main reasons are insufficient training of personnel, violation of safety rules and non-compliance with cylinder standards. The results of research are presented; the harmful effects of explosions are emphasized. Recommendations for the safe handling of cylinders are given. It is important to observe safety measures to avoid explosions
Текстовый файл
Idioma:rus
Publicat: 2024
Col·lecció:Экология, безопасность и охрана труда на предприятии
Matèries:
Accés en línia:http://earchive.tpu.ru/handle/11683/80263
Format: MixedMaterials Electrònic Capítol de llibre
KOHA link:https://koha.lib.tpu.ru/cgi-bin/koha/opac-detail.pl?biblionumber=673094

MARC

LEADER 00000naa2a2200000 4500
001 673094
005 20240723103029.0
090 |a 673094 
100 |a 20240617d2024 k||y0rusy50 ca 
101 0 |a rus 
102 |a RU 
135 |a drcn ---uucaa 
200 1 |a Причины и последствия взрывов кислородных баллонов  |f Д. А. Баратаева  |g науч. рук. Л. Г. Деменкова ; Национальный исследовательский Томский политехнический университет 
225 1 |a Экология, безопасность и охрана труда на предприятии 
283 |2 RDAcarrier 
320 |a Список использованных источников: 5 назв. 
330 |a В статье рассмотрены причины и последствия взрывов кислородных баллонов. Основные причины – недостаточное обучение персонала, нарушение правил безопасности и несоответствие стандартам баллонов. Представлены результаты исследований, подчеркнуты вредные последствия взрывов. Даны рекомендации по безопасному обращению с баллонами. Важно соблюдать меры безопасности, чтобы избежать взрывов 
330 |a The article discusses the causes and consequences of explosions of oxygen cylinders. The main reasons are insufficient training of personnel, violation of safety rules and non-compliance with cylinder standards. The results of research are presented; the harmful effects of explosions are emphasized. Recommendations for the safe handling of cylinders are given. It is important to observe safety measures to avoid explosions 
336 |a Текстовый файл 
463 1 |0 672887  |9 672887  |c Томск  |d 2024  |n Изд-во ТПУ  |t Прогрессивные технологии и экономика в машиностроении  |o сборник трудов XV Всероссийской научно-практической конференции для студентов и учащейся молодежи, г. Юрга, 11–13 апреля 2024 г.  |a Солодский, С. А. (специалист в области экологии и безопасности жизнедеятельности ; 1980-)  |u conference_tpu-2024-C57.pdf  |v С. 126-129  |p 1 файл (5,61 Мб, 263 с.) 
610 1 |a труды учёных ТПУ 
610 1 |a электронный ресурс 
610 1 |a кислородные баллоны 
610 1 |a медицина 
610 1 |a промышленность 
610 1 |a безопасность 
610 1 |a последствия 
700 1 |a Баратаева  |b Д. А.  
702 1 |a Деменкова  |b Л. Г.  |c специалист в области естествознания  |c старший преподаватель Юргинского технологического института (филиала) Томского политехнического университета  |f 1964-  |g Лариса Геннадьевна  |4 727 
712 0 2 |a Национальный исследовательский Томский политехнический университет  |c (2009- )  |9 26305 
801 0 |a RU  |b 63413507  |c 20240617 
850 |a 63413507 
856 4 |u http://earchive.tpu.ru/handle/11683/80263  |z http://earchive.tpu.ru/handle/11683/80263 
942 |c CF